| 000 | 00740nam a2200217 a 4500 | ||
|---|---|---|---|
| 001 | 000016336 | ||
| 005 | 20240527191033.0 | ||
| 008 | 100303s1970 dr 000 0 spa d | ||
| 040 |
_aDO-SdBNP _bspa _cBNPHU |
||
| 082 |
_a658.4 _bD186i |
||
| 100 | 1 |
_aDanín Lobo, Luis Carlos _922286 |
|
| 245 | 1 | 0 |
_aIntroducción al estudio de organización y métodos / _cLuis Carlos Danín Lobo. |
| 260 |
_aSanto Domingo : _bOficina Nacional de Administración y Personal, _c1970. |
||
| 300 |
_a93 p. ; _c24 cm. |
||
| 490 | 1 |
_aPublicaciones ONAP _vno. 27 |
|
| 504 | _aIncluye referencias bibliográficas ( p. 86-93) | ||
| 650 | 0 |
_aAdministración _920440 |
|
| 650 | 4 |
_aOrganización _933899 |
|
| 830 | 0 |
_aPublicaciones ONAP _n27 _936445 |
|
| 049 | _aBNPD | ||
| 999 |
_c15871 _d15871 |
||